Outline planning permission retained (Record no. 73999)

MARC details
000 -LEADER
fixed length control field 01393cam a2200205 4500
001 - CONTROL NUMBER
control field WB4001-27
008 - FIXED-LENGTH DATA ELEMENTS--GENERAL INFORMATION
fixed length control field 031223n2003 000 0 eng u
035 ## - SYSTEM CONTROL NUMBER
System control number (Sirsi) u124687
245 ## - TITLE STATEMENT
Title Outline planning permission retained
260 ## - PUBLICATION, DISTRIBUTION, ETC.
Date of publication, distribution, etc. 2003
490 ## - SERIES STATEMENT
Series statement RICS News Service
Volume/sequential designation (pr126) 16 December 2003 (1)
520 ## - SUMMARY, ETC.
Summary, etc. The Minister for housing and planning has confirmed in a written Commons statement that outline planning permission will be retained until statements of development principles have been shown to be an effective alternative. The take up and success of these statements will be reviewed two years after they come into effect and a further decision on removing outline planning permission will be made then. The provision that abolishes outline planning permission will be removed from the Planning and Compulsory Purchase Bill. The written statement is available at http://www.publications.parliament.uk/pa/cm200304/cmhansrd/cm031215/wmstext/31215m01.htm#31215m01.html_spmin0 http://www.rics.org/ricscms/bin/show?class=PressRelease&template=/includes/showpr.html&id=1094&faculty=RICS
590 ## - LOCAL NOTE (RLIN)
Local note WB
650 ## - SUBJECT ADDED ENTRY--TOPICAL TERM
Topical term or geographic name entry element OUTLINE PLANNING PERMISSION
650 ## - SUBJECT ADDED ENTRY--TOPICAL TERM
Topical term or geographic name entry element STATEMENTS OF DEVELOPMENT PRINCIPLES
650 ## - SUBJECT ADDED ENTRY--TOPICAL TERM
Topical term or geographic name entry element PLANNING AND COMPULSORY PURCHASE ACT 2004
650 ## - SUBJECT ADDED ENTRY--TOPICAL TERM
Topical term or geographic name entry element DEVELOPERS
690 ## - LOCAL SUBJECT ADDED ENTRY--TOPICAL TERM (OCLC, RLIN)
Topical term or geographic name as entry element ENVIRONMENTAL AND LAND CONSULTANCY-PLANNING AND DEVELOPMENT
942 ## - ADDED ENTRY ELEMENTS (KOHA)
Suppress in OPAC 0
Holdings
Withdrawn status Lost status Source of classification or shelving scheme Damaged status Not for loan Home library Current library Shelving location Date acquired Total Checkouts Full call number Barcode Date last seen Copy number Price effective from Koha item type
    Dewey Decimal Classification     London London News article 23/12/2003   WB4001-27 124687-1001 06/08/2019 1 06/08/2019 News article